• 首页
  • 本馆介绍
  • 公告通知
  • 最新文献
  • 馆藏检索
  • 电子资源
  • 读者导购
  • 参考咨询
  • 我的图书馆
  • 登录
  • 详细信息显示
  • 放入我的书架
  • 预约/预借图书
  • 作者相关作品
  • 分类相关作品
  • 丛书相关作品
  • 出版社相关作品

书目信息

  • 表格格式
  • 工作单格式
  • 卡片格式
题名:
光电缆线务工程
    
 
作者: 孙青华 主编
分册: 上   电缆线务工程
出版信息: 北京   人民邮电出版社  2021.1
页数: 291页
开本: 26cm
丛书名:
单 册:
中图分类: TN913.33 , TN913.32
科图分类:
主题词: 光缆--通信线路--高等职业教育--教材 , 通信电缆--通信线路--高等职业教育--教材 , 光缆 , 通信线路 , 通信电缆
电子资源:
ISBN: 978-7-115-24933-3
000 01148nam0 2200313 45
001 012001002966
005 20211020090409.48
010    @a978-7-115-24933-3@dCNY36.00
100    @a20110608d2011 em y0chiy50 ea
101 0  @achi
102    @aCN@b110000
105    @aa z 000yy
106    @ar
200 1  @a光电缆线务工程@h上@i电缆线务工程@f孙青华主编@Aguang dian lan xian wu gong cheng
210    @a北京@c人民邮电出版社@d2021.1
215    @a291页@c图@d26cm
300    @a工业和信息化普通高等教育“十二五”规划教材立项项目
300    @a21世纪高职高专电子信息类规划教材
330    @a本书讲述了电缆线务工程的基础知识以及电缆线路施工、维护、管理的内容及方法;从实用的角度,对电缆识别、电缆接续、电缆线路施工、维护以及故障处理等工程应用进行了具体的阐述,同时介绍了相关的安全技术规程。
606 0  @a光缆@x通信线路@x高等职业教育@j教材
606 0  @a通信电缆@x通信线路@x高等职业教育@j教材
606 0  @a光缆
606 0  @a通信线路
606 0  @a通信电缆
690    @aTN913.33@v4
690    @aTN913.32@v4
701  0 @a孙青华@c(女,@f1963~)@4主编@Asun qing hua
801  2 @aCN@bBJSDL@c20211018
905    @b1351000-3@dTN913.33@e96:1@f4
    
    光电缆线务工程.上.电缆线务工程/孙青华主编.-北京:人民邮电出版社,2021.1
    291页:图;26cm
    工业和信息化普通高等教育“十二五”规划教材立项项目.-21世纪高职高专电子信息类规划教材
    
    ISBN 978-7-115-24933-3:CNY36.00
    本书讲述了电缆线务工程的基础知识以及电缆线路施工、维护、管理的内容及方法;从实用的角度,对电缆识别、电缆接续、电缆线路施工、维护以及故障处理等工程应用进行了具体的阐述,同时介绍了相关的安全技术规程。
●
相关链接 在E读中查询图书 在五车中查询图书 在当当中查询图书 在豆瓣中查询图书


正题名:光电缆线务工程     索取号:TN913.33/96:1         预约/预借

序号 登录号 条形码 馆藏地/架位号 状态 备注
1 1351000   213510002   第二样本阅览室/ [索取号:TN913.33/96:1] 在馆    
2 1351001   213510011   第三借阅区/ [索取号:TN913.33/96:1] 在馆    
3 1351002   213510020   第三借阅区/ [索取号:TN913.33/96:1] 在馆    
4 1351003   213510039   第三借阅区/ [索取号:TN913.33/96:1] 在馆    
唐山师范学院图书馆 欢迎您!
大连网信软件有限公司© 版权所有